[Event "POL-ch U20"]
[Site "Pokrzywna"]
[Date "2021.12.10"]
[Round "6"]
[White "Kutowski, Marcel"]
[Black "Bujalski, Mateusz"]
[Result "1-0"]
[WhiteElo "1894"]
[BlackElo "1802"]
[PlyCount "95"]
[EventDate "2021.12.06"]
[EventType "swiss"]
[EventRounds "9"]
[EventCountry "POL"]
[SourceTitle "CBM 205 Extra"]
[Source "ChessBase"]
[SourceDate "2022.01.31"]
[SourceVersion "1"]
[SourceVersionDate "2022.01.31"]
[SourceQuality "1"]

1. e4 e5 2. Nf3 Nc6 3. Bb5 a6 4. Ba4 Nf6 5. 0-0 Be7 6. Re1 b5 7. Bb3 0-0 8. a4 Bb7 9. d3 d6 10. c3 Na5 11. Bc2 c5 12. Nbd2 c4 13. d4 Nc6 14. d5 Nb8 15. Nf1 Nbd7 16. Ng3 g6 17. Bh6 Re8 18. h3 Bf8 19. Qd2 Bg7 20. Nf5 gxf5 21. Qg5 Nh5 22. Qxh5 Bxh6 23. Qxh6 Qf6 24. Qh5 Nc5 25. exf5 Bxd5 26. Nh2 Qg7 27. Ng4 f6 28. Rad1 Bb7 29. Rxd6 Rf8 30. Qh4 Kh8 31. Rxf6 Rxf6 32. Qxf6 Qxf6 33. Nxf6 Nd3 34. Bxd3 cxd3 35. f3 Rf8 36. Ne4 Bd5 37. axb5 axb5 38. Nd2 Rxf5 39. Re3 Be6 40. Rxd3 Rg5 41. Kf2 Rg8 42. Rd6 Bf7 43. Ne4 b4 44. Rd7 Bg6 45. c4 b3 46. Rd3 Rc8 47. Rc3 Rd8 48. Ke3 1-0

[Event "POL-ch U20"]
[Site "Pokrzywna"]
[Date "2021.12.09"]
[Round "5"]
[White "Bujalski, Mateusz"]
[Black "Golis, Wiktor"]
[Result "0-1"]
[WhiteElo "1802"]
[BlackElo "1553"]
[PlyCount "68"]
[EventDate "2021.12.06"]
[EventType "swiss"]
[EventRounds "9"]
[EventCountry "POL"]
[SourceTitle "CBM 205 Extra"]
[Source "ChessBase"]
[SourceDate "2022.01.31"]
[SourceVersion "1"]
[SourceVersionDate "2022.01.31"]
[SourceQuality "1"]

1. e4 c5 2. Nc3 Nc6 3. f4 g6 4. Nf3 Bg7 5. Bb5 Nd4 6. 0-0 a6 7. Bc4 e6 8. d3 Ne7 9. e5 Nxf3+ 10. Qxf3 d5 11. exd6 Qxd6 12. Ne4 Qc7 13. Be3 0-0 14. Nxc5 Nf5 15. c3 b6 16. Ne4 Bb7 17. Qf2 Nxe3 18. Qxe3 Rfd8 19. Ng5 Qc6 20. Rf2 b5 21. Bb3 b4 22. d4 bxc3 23. bxc3 Rac8 24. Rc2 a5 25. a4 Qb6 26. Bxe6 Rxc3 27. Bxf7+ Kh8 28. Rxc3 Bxd4 29. Re1 Qb2 30. Nf3 Bxf3 31. Qxd4+ Rxd4 32. Rxf3 Rd2 33. Rg3 Qd4+ 34. Rge3 Rd3 0-1

[Event "POL-ch U18"]
[Site "Szklarska Poreba"]
[Date "2021.03.16"]
[Round "4"]
[White "Trybus, Daniel"]
[Black "Bujalski, Mateusz"]
[Result "0-1"]
[WhiteElo "2021"]
[BlackElo "1897"]
[PlyCount "80"]
[EventDate "2021.03.13"]
[EventType "swiss"]
[EventRounds "9"]
[EventCountry "POL"]
[SourceTitle "CBM 201 Extra"]
[Source "ChessBase"]
[SourceDate "2021.05.31"]
[SourceVersion "1"]
[SourceVersionDate "2021.05.31"]
[SourceQuality "1"]

1. e4 e5 2. Nf3 Nc6 3. Nc3 Nf6 4. d4 exd4 5. Nxd4 Bb4 6. Nxc6 bxc6 7. Bd3 0-0 8. 0-0 d5 9. exd5 cxd5 10. Bg5 c6 11. Qf3 Be7 12. Rfe1 Re8 13. h3 Be6 14. Ne2 h6 15. Bh4 Nd7 16. Bxe7 Qxe7 17. Nd4 c5 18. Nxe6 fxe6 19. Bg6 Red8 20. Qxd5 Nf8 21. Qe4 Qg5 22. Bh7+ Nxh7 23. Qxe6+ Kh8 24. Re5 Qd2 25. Rxc5 Re8 26. Qc6 Rf8 27. Rf1 Rae8 28. Rd5 Qf4 29. Qc5 Ng5 30. Rd4 Qf7 31. Ra4 Re7 32. Ra6 Ne4 33. Qe3 Nxf2 34. Qc1 Re5 35. Ra3 Rf5 36. Re1 Qg6 37. Qe3 Rg5 38. g3 Nxh3+ 39. Kh1 Qc6+ 40. Kh2 Rf2+ 0-1

[Event "POL-ch U18"]
[Site "Szklarska Poreba"]
[Date "2021.03.14"]
[Round "2"]
[White "Bujalski, Mateusz"]
[Black "Pniaczek, Marek"]
[Result "0-1"]
[WhiteElo "1897"]
[BlackElo "2211"]
[PlyCount "98"]
[EventDate "2021.03.13"]
[EventType "swiss"]
[EventRounds "9"]
[EventCountry "POL"]
[SourceTitle "CBM 201 Extra"]
[Source "ChessBase"]
[SourceDate "2021.05.31"]
[SourceVersion "1"]
[SourceVersionDate "2021.05.31"]
[SourceQuality "1"]

1. d4 Nf6 2. Nf3 d5 3. e3 c5 4. b3 cxd4 5. exd4 Nc6 6. Bb2 Bg4 7. Be2 e6 8. Nbd2 Rc8 9. 0-0 Be7 10. Ne5 Bf5 11. Nxc6 bxc6 12. Nf3 h6 13. Ne5 Qb6 14. Rc1 0-0 15. Bd3 Bxd3 16. Qxd3 c5 17. c4 Rfd8 18. Rfd1 dxc4 19. Qxc4 Qb7 20. dxc5 Rxd1+ 21. Rxd1 Bxc5 22. Qf4 Qe4 23. Qd2 Bb4 24. Qd4 Rc2 25. Nc4 Qxd4 26. Bxd4 Rxa2 27. f3 Nd5 28. Bf2 Kf8 29. Ne5 Bd6 30. Nc4 Bxh2+ 31. Kxh2 Rxf2 32. Ra1 Nb6 33. Rxa7 Nxc4 34. bxc4 Rc2 35. Rc7 g5 36. c5 Kg7 37. c6 Kg6 38. Kh3 h5 39. Rc8 Kf5 40. c7 h4 41. Kh2 Kf4 42. Kh3 Rc1 43. Kh2 e5 44. Ra8 Rxc7 45. Ra4+ Kf5 46. Ra5 Rd7 47. Rb5 Kf4 48. Rb4+ Rd4 49. Rb6 f5 0-1

[Event "Warsaw YMCA Winter-A 236th"]
[Site "Warsaw"]
[Date "2021.02.15"]
[Round "1"]
[White "Choroszej, Aleksander"]
[Black "Bujalski, Mateusz"]
[Result "1-0"]
[WhiteElo "2044"]
[BlackElo "1897"]
[PlyCount "53"]
[EventDate "2021.01.22"]
[EventType "tourn"]
[EventRounds "11"]
[EventCountry "POL"]
[SourceTitle "EXT 2022"]
[Source "ChessBase"]
[SourceDate "2021.10.06"]
[SourceVersion "1"]
[SourceVersionDate "2021.10.06"]
[SourceQuality "1"]

1. d4 Nf6 2. c4 c5 3. d5 b5 4. cxb5 a6 5. b6 d6 6. Nc3 Nbd7 7. e4 g6 8. Nf3 Bg7 9. Be2 0-0 10. 0-0 Qxb6 11. Nd2 Qc7 12. f4 Nb6 13. Nf3 Bb7 14. Kh1 Rad8 15. Qe1 Rfe8 16. Qh4 e6 17. dxe6 fxe6 18. e5 dxe5 19. fxe5 Nfd5 20. Ng5 h6 21. Nf7 Rd7 22. Nd6 Rxd6 23. exd6 Qxd6 24. Bxh6 Be5 25. Qe4 Kh8 26. Rf7 Nxc3 27. Qxb7 1-0

[Event "Warsaw YMCA Winter-A 236th"]
[Site "Warsaw"]
[Date "2021.02.05"]
[Round "3"]
[White "Dalkowski, Rafal"]
[Black "Bujalski, Mateusz"]
[Result "1-0"]
[WhiteElo "1989"]
[BlackElo "1897"]
[PlyCount "77"]
[EventDate "2021.01.22"]
[EventType "tourn"]
[EventRounds "11"]
[EventCountry "POL"]
[SourceTitle "EXT 2022"]
[Source "ChessBase"]
[SourceDate "2021.10.06"]
[SourceVersion "1"]
[SourceVersionDate "2021.10.06"]
[SourceQuality "1"]

1. d4 Nf6 2. c4 c5 3. d5 e6 4. Nc3 exd5 5. cxd5 d6 6. e4 g6 7. h3 Bg7 8. Nf3 0-0 9. Bd3 a6 10. a4 Re8 11. 0-0 Nbd7 12. Re1 Rb8 13. Ra2 Qc7 14. b3 Ng4 15. Rc2 Nge5 16. Nxe5 Nxe5 17. Bf1 Qb6 18. f4 Nd7 19. Bc4 Bd4+ 20. Kh1 Nf6 21. Qf3 Bd7 22. Rce2 Qc7 23. e5 dxe5 24. fxe5 Bxe5 25. d6 Qxd6 26. Ne4 Nxe4 27. Qxf7+ Kh8 28. Rxe4 Rf8 29. Rxe5 Rxf7 30. Bxf7 Kg7 31. Re7 Kf6 32. Bb2+ Kg5 33. R1e5+ Bf5 34. Bd5 h5 35. R7e6 Qd7 36. Bc1+ Kh4 37. Kh2 Bxh3 38. g3+ Kg4 39. Rg5# 1-0

[Event "POL-chT 2nd League"]
[Site "Poronin"]
[Date "2020.09.09"]
[Round "5.9"]
[White "Krawiec, Grzegorz"]
[Black "Bujalski, Mateusz"]
[Result "1-0"]
[WhiteElo "1824"]
[BlackElo "1883"]
[PlyCount "67"]
[EventDate "2020.09.05"]
[EventType "team-swiss"]
[EventRounds "9"]
[EventCountry "POL"]
[SourceTitle "CBM 198 Extra"]
[Source "ChessBase"]
[SourceDate "2020.11.30"]
[SourceVersion "1"]
[SourceVersionDate "2020.11.30"]
[SourceQuality "1"]
[WhiteTeam "Legnica Miedz"]
[BlackTeam "Warszawa Czternastka"]
[WhiteTeamCountry "POL"]
[BlackTeamCountry "POL"]

1. e4 c5 2. Nf3 Nc6 3. d4 cxd4 4. Nxd4 Nf6 5. Nc3 e6 6. Ndb5 Bb4 7. Bf4 e5 8. Bg5 0-0 9. a3 Be7 10. Bxf6 Bxf6 11. Nd5 Bg5 12. h4 Bh6 13. Nd6 Nd4 14. c3 Ne6 15. Nf5 Nc7 16. Bc4 Nxd5 17. Bxd5 Qb6 18. Qb3 Qf6 19. g4 Bf4 20. g5 Qa6 21. Bc4 Qa5 22. Nd6 Qc5 23. Nxf7 d5 24. Bxd5 Bg3 25. 0-0-0 Qxf2 26. Rdf1 Bf4+ 27. Kb1 Qe3 28. Nxe5+ Kh8 29. Nf7+ Rxf7 30. Bxf7 Qxe4+ 31. Ka2 Bf5 32. Qd5 Rf8 33. Re1 Qxd5+ 34. Bxd5 1-0

[Event "POL-ch U18"]
[Site "Szklarska Poreba"]
[Date "2020.03.08"]
[Round "2"]
[White "Musial, Tomasz"]
[Black "Bujalski, Mateusz"]
[Result "1/2-1/2"]
[WhiteElo "2051"]
[BlackElo "1920"]
[PlyCount "42"]
[EventDate "2020.03.07"]
[EventType "swiss"]
[EventRounds "8"]
[EventCountry "POL"]
[SourceTitle "CBM 195 Extra"]
[Source "ChessBase"]
[SourceDate "2020.05.31"]
[SourceVersion "1"]
[SourceVersionDate "2020.05.31"]
[SourceQuality "1"]

1. d4 d5 2. c4 c6 3. Nf3 Nf6 4. e3 e6 5. b3 Bd6 6. Bb2 Nbd7 7. Bd3 0-0 8. 0-0 Re8 9. Nbd2 e5 10. dxe5 Nxe5 11. Nxe5 Bxe5 12. Bxe5 Rxe5 13. Nf3 Rh5 14. Be2 Qd6 15. cxd5 cxd5 16. h3 Ne4 17. Rc1 Qg6 18. Kh2 Qd6+ 19. Kg1 Qg6 20. Kh2 Qd6+ 21. Kg1 Qg6 1/2-1/2

[Event "POL-ch U18"]
[Site "Szklarska Poreba"]
[Date "2020.03.07"]
[Round "1"]
[White "Bujalski, Mateusz"]
[Black "Szpar, Milosz"]
[Result "0-1"]
[WhiteElo "1920"]
[BlackElo "2305"]
[PlyCount "75"]
[EventDate "2020.03.07"]
[EventType "swiss"]
[EventRounds "8"]
[EventCountry "POL"]
[SourceTitle "CBM 195 Extra"]
[Source "ChessBase"]
[SourceDate "2020.05.31"]
[SourceVersion "1"]
[SourceVersionDate "2020.05.31"]
[SourceQuality "1"]

1. e4 c5 2. Nc3 Nc6 3. f4 g6 4. Nf3 Bg7 5. Bc4 e6 6. 0-0 Nge7 7. d3 0-0 8. Bb3 d5 9. Qe1 Nd4 10. Ne2 Nxf3+ 11. Rxf3 c4 12. dxc4 dxe4 13. Re3 Nf5 14. Rxe4 Nd6 15. Re3 Qc7 16. c3 Nxc4 17. Bxc4 Qxc4 18. b3 Qc7 19. Ba3 Rd8 20. Rd1 b6 21. Red3 Bb7 22. Qf2 Rxd3 23. Rxd3 h5 24. Bd6 Qc6 25. Be5 f6 26. Bd4 Rd8 27. Rd2 e5 28. Be3 Rxd2 29. Bxd2 Qd5 30. Be3 Qd1+ 31. Qf1 Qc2 32. fxe5 fxe5 33. h3 Qxa2 34. Qd1 Kh7 35. Kf2 Be4 36. g4 Bc2 37. Qd7 hxg4 38. Qxg4 0-1

[Event "POL-chT U20 2nd League"]
[Site "Sypniewo"]
[Date "2020.??.??"]
[Round "6.2"]
[White "Bujalski, Mateusz"]
[Black "Oleksy, Krzysztof1"]
[Result "1/2-1/2"]
[WhiteElo "1865"]
[BlackElo "1934"]
[PlyCount "70"]
[EventDate "2020.10.23"]
[EventType "team-swiss"]
[EventRounds "9"]
[EventCountry "POL"]
[SourceTitle "CBM 199 Extra"]
[Source "ChessBase"]
[SourceDate "2021.01.31"]
[SourceVersion "1"]
[SourceVersionDate "2021.01.31"]
[SourceQuality "1"]

1. d4 c5 2. c3 cxd4 3. cxd4 d5 4. Nc3 Nf6 5. Nf3 Nc6 6. Qb3 e6 7. Bg5 Be7 8. e3 a6 9. Bd3 h6 10. Bh4 0-0 11. 0-0 Na5 12. Qc2 b5 13. Ne5 Bb7 14. f4 Nc4 15. Nxc4 dxc4 16. Bxf6 cxd3 17. Bxe7 dxc2 18. Bxd8 Rfxd8 19. a3 Rac8 20. Rac1 a5 21. Nxb5 Be4 22. Nc3 Rxc3 23. bxc3 Rc8 24. Kf2 Rxc3 25. Ra1 a4 26. g3 Kf8 27. Ke2 Ke7 28. Rfc1 Kd6 29. Kd2 Rb3 30. g4 Kd5 31. h4 Rb2 32. Kc3 Rb3+ 33. Kd2 Rb2 34. Kc3 Rb1 35. Kd2 Rb2 1/2-1/2

[Event "POL-chT U20 2nd League"]
[Site "Sypniewo"]
[Date "2020.??.??"]
[Round "1.44"]
[White "Bujalski, Mateusz"]
[Black "Wojtasik, Szymon"]
[Result "1-0"]
[WhiteElo "1865"]
[BlackElo "1380"]
[PlyCount "81"]
[EventDate "2020.10.23"]
[EventType "team-swiss"]
[EventRounds "9"]
[EventCountry "POL"]
[SourceTitle "CBM 199 Extra"]
[Source "ChessBase"]
[SourceDate "2021.01.31"]
[SourceVersion "1"]
[SourceVersionDate "2021.01.31"]
[SourceQuality "1"]

1. e4 c5 2. Nc3 Nc6 3. f4 g6 4. Nf3 Bg7 5. Bb5 Nd4 6. 0-0 a6 7. Bc4 b5 8. Bd5 Rb8 9. d3 e6 10. Bb3 Ne7 11. e5 d5 12. Nxd4 cxd4 13. Ne2 Qb6 14. Qe1 h5 15. Qf2 Nf5 16. g3 Bf8 17. a4 Bb7 18. axb5 axb5 19. Bd2 b4 20. Ba4+ Bc6 21. b3 Bc5 22. Ra2 0-0 23. Rfa1 Ra8 24. Bxc6 Rxa2 25. Rxa2 Qxc6 26. Qe1 Ra8 27. Qa1 Rxa2 28. Qxa2 Bf8 29. Kf2 Qb6 30. Ke1 Bc5 31. Qa1 Ne7 32. Qa8+ Kg7 33. h3 Nc6 34. g4 hxg4 35. hxg4 Ne7 36. Kf2 Nc6 37. Kf3 Na7 38. f5 exf5 39. Bg5 fxg4+ 40. Kg3 Kh7 41. Bf6 1-0

[Event "POL-chT U20 2nd League"]
[Site "Sypniewo"]
[Date "2020.??.??"]
[Round "7.12"]
[White "Malik, Maciej"]
[Black "Bujalski, Mateusz"]
[Result "1/2-1/2"]
[WhiteElo "1671"]
[BlackElo "1865"]
[PlyCount "114"]
[EventDate "2020.10.23"]
[EventType "team-swiss"]
[EventRounds "9"]
[EventCountry "POL"]
[SourceTitle "CBM 199 Extra"]
[Source "ChessBase"]
[SourceDate "2021.01.31"]
[SourceVersion "1"]
[SourceVersionDate "2021.01.31"]
[SourceQuality "1"]

1. d4 Nf6 2. Nf3 e6 3. e3 b6 4. Bd3 Bb7 5. 0-0 Be7 6. b3 0-0 7. Bb2 d5 8. Nbd2 Nbd7 9. Ne5 Nxe5 10. dxe5 Ne4 11. f3 Nxd2 12. Qxd2 Bc5 13. Kh1 a5 14. a3 Be7 15. Qe2 c5 16. f4 a4 17. Rfd1 Qc8 18. Bb5 axb3 19. cxb3 Ba6 20. f5 Bxb5 21. Qxb5 Bg5 22. Qe2 Qc6 23. h4 Bh6 24. f6 g6 25. e4 d4 26. Qf3 Rfd8 27. g4 Be3 28. Rd3 Qb5 29. Rad1 c4 30. bxc4 Qxb2 31. Qxe3 Kh8 32. Rxd4 Rg8 33. R1d3 Qa1+ 34. Kg2 Qb2+ 35. Kg3 Qa1 36. Kg2 Qb2+ 37. Qd2 Qb1 38. Rd7 Rgf8 39. Qh6 Qc2+ 40. Rd2 Qxe4+ 41. Kf2 Rg8 42. Rxf7 g5 43. hxg5 Qf4+ 44. Kg1 Qxg4+ 45. Rg2 Qd4+ 46. Kh2 Qxe5+ 47. Rg3 Qe2+ 48. Rg2 Qe5+ 49. Rg3 Qe2+ 50. Kg1 Qd1+ 51. Kh2 Qe2+ 52. Kg1 Qd1+ 53. Kh2 Qe2+ 54. Kg1 Qd1+ 55. Kh2 Qe2+ 56. Kg1 Qd1+ 57. Kh2 Qe2+ 1/2-1/2

[Event "POL-chT U20 2nd League"]
[Site "Szczyrk"]
[Date "2017.07.25"]
[Round "5.27"]
[White "Ochedzan, Tymon"]
[Black "Bujalski, Mateusz"]
[Result "0-1"]
[WhiteElo "1680"]
[BlackElo "1682"]
[PlyCount "116"]
[EventDate "2017.07.22"]
[EventType "team-swiss"]
[EventRounds "11"]
[EventCountry "POL"]
[SourceTitle "EXT 2019"]
[Source "ChessBase"]
[SourceDate "2018.10.10"]
[SourceVersion "1"]
[SourceVersionDate "2018.10.10"]
[SourceQuality "1"]

1. e4 c5 2. Nf3 Nc6 3. d4 cxd4 4. Nxd4 Nf6 5. Nc3 e6 6. Ndb5 Bb4 7. a3 Bc5 8. Nd6+ Ke7 9. Bf4 Qb6 10. Bg3 Qxb2 11. Ndb5 Bd4 12. Bd6+ Kd8 13. Rb1 Bxc3+ 14. Ke2 Qa2 15. Nxc3 Qc4+ 16. Qd3 Qxd3+ 17. Kxd3 b6 18. Kd2 Bb7 19. f3 Ne8 20. Bg3 Ke7 21. Ke3 f6 22. Be2 Rc8 23. Rhd1 e5 24. Nd5+ Kd8 25. c3 Ne7 26. Nxe7 Kxe7 27. Be1 Nc7 28. Bc4 Ba6 29. Bxa6 Nxa6 30. Rd5 Rc5 31. Rd3 Rhc8 32. Rbd1 R8c7 33. Ke2 Ra5 34. Ra1 Nc5 35. Rdd1 Ra4 36. Ke3 Rc4 37. Rac1 Ke6 38. g4 Na4 39. Rd3 Nb2 40. Rd5 Ra4 41. Ke2 Rxa3 42. h4 Nc4 43. Bg3 Ra2+ 44. Ke1 Rc6 45. f4 Rg2 46. f5+ Ke7 47. Rd3 Rg1+ 48. Kf2 Rxc1 49. g5 Rc2+ 50. Kf3 Nd2+ 51. Kg4 Nxe4 52. Re3 Nxg3 53. Rxg3 R2xc3 54. Rg2 R6c4+ 55. Kh5 Rh3 56. gxf6+ Kxf6 57. Rg6+ hxg6+ 58. fxg6 Rcxh4# 0-1

[Event "POL-chT U20 2nd League"]
[Site "Szczyrk"]
[Date "2017.07.24"]
[Round "4.15"]
[White "Bujalski, Mateusz"]
[Black "Libura, Julianna"]
[Result "1-0"]
[WhiteElo "1682"]
[BlackElo "1367"]
[PlyCount "75"]
[EventDate "2017.07.22"]
[EventType "team-swiss"]
[EventRounds "11"]
[EventCountry "POL"]
[SourceTitle "EXT 2019"]
[Source "ChessBase"]
[SourceDate "2018.10.10"]
[SourceVersion "1"]
[SourceVersionDate "2018.10.10"]
[SourceQuality "1"]

1. e4 c5 2. Nf3 a6 3. Nc3 b5 4. d4 cxd4 5. Nxd4 Bb7 6. f3 d6 7. Be3 Nf6 8. Qd2 Nc6 9. 0-0-0 g6 10. Qf2 Nxd4 11. Bxd4 Bg7 12. e5 dxe5 13. Bb6 Qc8 14. Rd8+ Qxd8 15. Bxd8 Rxd8 16. Qb6 Rb8 17. Bd3 0-0 18. Qc5 e6 19. Be4 Bxe4 20. Nxe4 Nxe4 21. fxe4 Rfd8 22. Rf1 f5 23. Qc6 Re8 24. Qxa6 fxe4 25. Qc6 e3 26. Qe4 Bh6 27. Kd1 Rbd8+ 28. Ke1 Rd5 29. Qh4 Bg7 30. Qh3 Rd2 31. Qxe3 Rxc2 32. Qb3 Rc5 33. Rf3 Rd5 34. Rd3 Red8 35. Rxd5 Rxd5 36. a4 bxa4 37. Qxa4 e4 38. Qe8+ 1-0

[Event "POL-chT U20 2nd League"]
[Site "Szczyrk"]
[Date "2017.07.24"]
[Round "3.15"]
[White "Radoch, Filip"]
[Black "Bujalski, Mateusz"]
[Result "0-1"]
[WhiteElo "1080"]
[BlackElo "1682"]
[PlyCount "82"]
[EventDate "2017.07.22"]
[EventType "team-swiss"]
[EventRounds "11"]
[EventCountry "POL"]
[SourceTitle "EXT 2019"]
[Source "ChessBase"]
[SourceDate "2018.10.10"]
[SourceVersion "1"]
[SourceVersionDate "2018.10.10"]
[SourceQuality "1"]

1. c4 e5 2. g3 Nf6 3. Bg2 c6 4. Nc3 d5 5. cxd5 cxd5 6. Nf3 Nc6 7. 0-0 Bc5 8. a3 Bb6 9. d3 h6 10. Rb1 Bf5 11. b4 e4 12. dxe4 dxe4 13. Nh4 Bh7 14. Qxd8+ Rxd8 15. Rb3 g5 16. Nf3 exf3 17. exf3 0-0 18. Ne4 Bxe4 19. fxe4 Nd4 20. Rb2 Ng4 21. h3 Ne5 22. Ra2 f5 23. Kh1 Nb3 24. f3 fxe4 25. f4 Nxc1 26. Rxc1 Nd3 27. Rf1 e3 28. Bxb7 Nf2+ 29. Kh2 Rd2 30. Rxd2 exd2 31. Bf3 Re8 32. Bh5 Re1 33. Kg2 g4 34. Rxf2 d1Q 35. Bxg4 Rg1+ 36. Kh2 Rh1+ 37. Kg2 Qg1+ 38. Kf3 Qxf2+ 39. Ke4 Re1+ 40. Kf5 Qc2+ 41. Kf6 Bd8# 0-1

[Event "POL-ch U12"]
[Site "Suwalki"]
[Date "2015.04.09"]
[Round "3"]
[White "Bujalski, Mateusz"]
[Black "Marciniszyn, Maciej"]
[Result "1-0"]
[WhiteElo "1460"]
[BlackElo "1454"]
[PlyCount "77"]
[EventDate "2015.04.08"]
[EventType "swiss"]
[EventRounds "9"]
[EventCountry "POL"]
[SourceTitle "EXT 2023"]
[Source "ChessBase"]
[SourceDate "2022.10.05"]
[SourceVersion "1"]
[SourceVersionDate "2022.10.05"]
[SourceQuality "1"]

1. e4 c5 2. Nf3 d6 3. d4 cxd4 4. Nxd4 Nf6 5. Nc3 g6 6. Be3 Bg7 7. Be2 a6 8. f3 Nbd7 9. Qd2 b5 10. g4 Bb7 11. h4 h5 12. g5 Nh7 13. Rg1 Rc8 14. f4 b4 15. Nd5 Bxd5 16. exd5 a5 17. Nc6 Qc7 18. Bd4 Bxd4 19. Qxd4 Rg8 20. Qe3 Nb8 21. Bb5 Nxc6 22. Bxc6+ Kf8 23. c4 e6 24. a3 Qb8 25. axb4 Qxb4+ 26. Qc3 exd5 27. Qxb4 axb4 28. cxd5 Kg7 29. Ra4 Rb8 30. Kd2 Rb6 31. Re1 Rgb8 32. Re7 Rd8 33. Raa7 Rf8 34. Red7 b3 35. Kd3 Nf6 36. gxf6+ Kxf6 37. Rxd6+ Kf5 38. Bd7+ Kxf4 39. Rxb6 1-0

[Event "POL Olympiad U12"]
[Site "Spala"]
[Date "2014.12.30"]
[Round "3.12"]
[White "Bujalski, Mateusz"]
[Black "Kokoszczynski, Jan"]
[Result "1/2-1/2"]
[WhiteElo "1474"]
[BlackElo "1715"]
[PlyCount "83"]
[EventDate "2014.04.06"]
[EventType "swiss"]
[EventRounds "9"]
[EventCountry "POL"]
[SourceTitle "EXT 2023"]
[Source "ChessBase"]
[SourceDate "2022.10.05"]
[SourceVersion "1"]
[SourceVersionDate "2022.10.05"]
[SourceQuality "1"]

1. d4 Nf6 2. Nf3 g6 3. Bg5 Bg7 4. e3 0-0 5. Bd3 d6 6. Nbd2 Nbd7 7. c3 e5 8. 0-0 Qe8 9. Qc2 h6 10. Bxf6 Bxf6 11. Bc4 Bg7 12. Qxg6 b5 13. Bb3 Kh8 14. Qe4 Rb8 15. dxe5 dxe5 16. Rad1 Nc5 17. Qc2 e4 18. Nd4 Bg4 19. Rb1 Rb6 20. Bd5 f5 21. b4 Nd7 22. a3 Bxd4 23. cxd4 Be2 24. Qxc7 Bxf1 25. Rxf1 Qc8 26. Qxa7 Ra6 27. Qb7 Qxb7 28. Bxb7 Rxa3 29. Bc6 Nf6 30. Bxb5 Rb8 31. Nc4 Rc3 32. Nd6 Rb6 33. Ne8 Rxb5 34. Nxf6 Rc6 35. Nd7 Rxb4 36. Ne5 Rcb6 37. g3 Rb1 38. h4 Rxf1+ 39. Kxf1 Rb2 40. Nf7+ Kg7 41. Ne5 Kf6 42. Kg2 1/2-1/2

[Event "POL Olympiad U12"]
[Site "Spala"]
[Date "2014.12.30"]
[Round "1.4"]
[White "Bujalski, Mateusz"]
[Black "Lis, Mateusz"]
[Result "0-1"]
[WhiteElo "1474"]
[BlackElo "1846"]
[PlyCount "142"]
[EventDate "2014.04.06"]
[EventType "swiss"]
[EventRounds "9"]
[EventCountry "POL"]
[SourceTitle "EXT 2023"]
[Source "ChessBase"]
[SourceDate "2022.10.05"]
[SourceVersion "1"]
[SourceVersionDate "2022.10.05"]
[SourceQuality "1"]

1. d4 Nf6 2. Nf3 g6 3. Bg5 Bg7 4. e3 0-0 5. Bd3 d6 6. Nbd2 Nbd7 7. c3 b6 8. 0-0 Bb7 9. Qe2 c5 10. Rfe1 Rc8 11. Rad1 Rc7 12. h3 Qa8 13. e4 e5 14. d5 h6 15. Bh4 Nh5 16. Nc4 Nf4 17. Qd2 g5 18. Bg3 Nxd3 19. Qxd3 Ba6 20. Nfd2 Nf6 21. Qf3 Qd8 22. Qf5 Bc8 23. Qf3 g4 24. Qd3 gxh3 25. gxh3 Nh5 26. Qf3 Nxg3 27. Qxg3 f5 28. Kh2 Rcf7 29. Rg1 b5 30. Na3 a6 31. c4 b4 32. Nc2 fxe4 33. Nxe4 Bf5 34. f3 Qe7 35. Rd2 Kh8 36. Rdg2 Bh7 37. Ne1 Rg8 38. b3 Qf8 39. Qh4 a5 40. Kh1 Rf4 41. Qg3 Rxe4 42. fxe4 Bxe4 43. Kh2 Bxg2 44. Rxg2 e4 45. Kh1 Qf1+ 46. Rg1 Qf6 47. Nc2 Rf8 48. Ne3 Qf3+ 49. Qxf3 Rxf3 50. Ng4 h5 51. Nh2 Rxh3 52. Kg2 Rd3 53. Re1 Rd2+ 54. Kg1 Be5 55. Nf1 Rxa2 56. Rxe4 a4 57. bxa4 b3 58. Re1 b2 59. Rb1 Rxa4 60. Nd2 Bc3 61. Ne4 Bd4+ 62. Kf1 Rxc4 63. Nd2 Rc2 64. Ke2 Bc3 65. Kd3 Rxd2+ 66. Kxc3 Rg2 67. Rh1 Kg7 68. Rb1 h4 69. Kd3 h3 70. Ke3 h2 71. Kf3 Rg1 0-1

[Event "POL Olympiad U12"]
[Site "Spala"]
[Date "2014.12.30"]
[Round "6.11"]
[White "Dabrowski, Damian"]
[Black "Bujalski, Mateusz"]
[Result "1-0"]
[WhiteElo "1627"]
[BlackElo "1474"]
[PlyCount "21"]
[EventDate "2014.04.06"]
[EventType "swiss"]
[EventRounds "9"]
[EventCountry "POL"]
[SourceTitle "EXT 2023"]
[Source "ChessBase"]
[SourceDate "2022.10.05"]
[SourceVersion "1"]
[SourceVersionDate "2022.10.05"]
[SourceQuality "1"]

1. e4 c5 2. Nf3 Nc6 3. d4 cxd4 4. Nxd4 Nf6 5. Nc3 e6 6. Nxc6 bxc6 7. e5 Nd5 8. Ne4 Be7 9. Bd3 0-0 10. Qh5 Nb4 11. Nf6+ 1-0

[Event "POL Olympiad U12"]
[Site "Spala"]
[Date "2014.12.30"]
[Round "8.18"]
[White "Pijewski, Milosz"]
[Black "Bujalski, Mateusz"]
[Result "1/2-1/2"]
[WhiteElo "1572"]
[BlackElo "1474"]
[PlyCount "91"]
[EventDate "2014.04.06"]
[EventType "swiss"]
[EventRounds "9"]
[EventCountry "POL"]
[SourceTitle "EXT 2023"]
[Source "ChessBase"]
[SourceDate "2022.10.05"]
[SourceVersion "1"]
[SourceVersionDate "2022.10.05"]
[SourceQuality "1"]

1. e4 c5 2. Nf3 Nc6 3. d4 cxd4 4. Nxd4 Nf6 5. Nc3 e6 6. Ndb5 Bb4 7. a3 Ba5 8. Nd6+ Ke7 9. Nxc8+ Rxc8 10. Bd3 Re8 11. 0-0 Kf8 12. Bd2 Bb6 13. Bg5 h6 14. Bh4 a6 15. Kh1 e5 16. Nd5 g5 17. Bg3 Kg7 18. c3 d6 19. Bc2 Nxd5 20. Qxd5 Ne7 21. Qd3 Ng6 22. Rad1 Bc7 23. Qd5 b6 24. Rfe1 Qe7 25. Bd3 a5 26. Be2 Qe6 27. Qxe6 fxe6 28. Bb5 Re7 29. b4 h5 30. f3 Nf4 31. Bf2 d5 32. g3 Nh3 33. Be3 dxe4 34. fxe4 Rd8 35. Rxd8 Bxd8 36. Kg2 g4 37. Rd1 Bc7 38. c4 axb4 39. axb4 Kg6 40. Rd7 Rxd7 41. Bxd7 Kf6 42. Be8 Ng5 43. Bxg5+ Kxg5 44. Bf7 Bd6 45. b5 Bc5 46. Bxe6 1/2-1/2